| 000 | 00629nam a2200253Ia 4500 | ||
|---|---|---|---|
| 003 | SMC | ||
| 005 | 20160822133957.0 | ||
| 008 | 160319s9999 xx 000 0 und d | ||
| 020 | _a971-08-7146-3 | ||
| 050 | _aFIL QA 551 | ||
| 050 | _b.C33 2012 | ||
| 100 | _aCabero, Jonathan B. | ||
| 245 | _aAnalytic geometry / | ||
| 245 | _cJonathan B. Cabero. | ||
| 260 | _aMandaluyong: | ||
| 260 | _bNational Book Store, | ||
| 260 | _c2012 | ||
| 300 | _a202 pages : | ||
| 300 | _billustrations ; | ||
| 300 | _c25 cm. | ||
| 500 | _aIncludes bibliographical references. | ||
| 650 | _aGeometry, Analytic. | ||
| 942 |
_2lcc _cBK |
||
| 999 |
_c291842 _d291842 |
||